| 000 | 00339nam a2200133Ia 4500 | ||
|---|---|---|---|
| 008 | 240624s9999 xx 000 0 und d | ||
| 041 | _aeng | ||
| 082 | _a332.6323 COY | ||
| 100 | _aCOYLE BRIAN | ||
| 245 | _aMONEY MARKETS | ||
| 260 |
_c2001 _aUnited Kingdom _bFinancial World Publishing |
||
| 300 | _a154 : p. : cm. ; 23 | ||
| 365 |
_cRS _b25 |
||
| 999 |
_c23595 _d23595 |
||